Top 50 Tracks songs of 2024 - Statistics

General Stats
  • This quiz has been taken 46 times
  • The average score is 16 of 50
Answer Stats
Hint Answer % Correct
Sabrina Carpenter Espresso
94%
Lady Gaga, Bruno Mars Die with a Smile
83%
Benson Boone Beautiful Things
77%
Billie Eilish BIRDS OF A FEATHER
74%
Miley Cyrus Flowers
57%
Taylor Swift. Post Malone Fortnight
57%
Sabrina Carpenter Please Please Please
57%
Hozier Too Sweet
57%
Harry Styles As It Was
51%
Teddy Swims Lose Control
51%
Kendrick Lamar Not Like Us
51%
Chappell Roan Good Luck, Babe!
49%
Shaboozey A Bar Song
46%
Tyla Water
46%
SZA Kill Bill
43%
Taylor Swift Cruel Summer
37%
Tate McRae greedy
37%
Ariana Grande we can't be friends
37%
Tom Odell Another Love
34%
Travis Scott, Playboi Carti FE!N
31%
Vance Joy Riptide
31%
Jung Kook. Latto Seven
31%
Coldplay Yellow
31%
The Weekend, JENNIE, Lily-Rose Depp One of the Girls
29%
Noah Kahan Stick Season
29%
The Weekend Blinding Lights
26%
Artemas i like the way you kiss me
26%
Arctic Monkeys I wanna be yours
26%
Billie Eilish LUNCH
26%
The Weekend, Daft Punk StarBoy
26%
The Neighbourhood Sweater Weather
26%
Post Malone, Morgan Wallen I Had Some Help
23%
Tommy Richman MILLION DOLLAR BABY
20%
Tyler The Creator, Kali Uchis See you Again
20%
Lord Huron The Night We Met
20%
Dasha Austin
17%
Kanye West Carnival
17%
FloyyMenor, Cris mj Gata Only
17%
Natasha BedingField Unwritten
17%
SZA Saturn
14%
Jimin Who
14%
Djo End of Beggining
11%
Mitski My Love Mine All Mine
11%
KAROL G Si Antes Te Hubiera Conocido
9%
Jung Kook Standing Next To You
6%
Xavi La Diabla
3%
Feid, ATL Jacob LUNA
3%
Zach Bryan I remember Everything
0%
Bad Bunny, Feid PERRO NEGRO
0%
KAROL G, Peso Pluma QLONA
0%
No matching quizzes found
Score Distribution
Percent of People with Each Score
Percentile by Number Answered
Your Score History
You have not taken this quiz